=LDR 00000nam 2200000 4500 =001 INLIS000000000038604 =005 20130612144253 =008 ***********************************Ind** =035 ##$$0010-061300000038604 =041 ##$$a Ind =082 ##$$a 641.5 =090 ##$$a 641.5, Erw s =100 ##$$a Erwin, Lilly T =245 ##$$a Seri jadi koki sekejap : Masak sajian dari mie instan dalam waktu 30 menit/ Lilly T Erwin: Editor, Intarina Hardiman =260 ##$$a 2011 $b Jakarta =300 ##$$a 44 hlm., ilus., 22 cm =650 ##$$a Masakan - Resep =700 ##$$a Hardiman, Intarina =850 ##$$a NBPNMAT